[Event "III Open A"]
[Site "Genova ITA"]
[Date "1999.08.14"]
[Round "8"]
[White "Cecchetto, Vanni"]
[Black "Corti, Corrado"]
[Result "0-1"]
[WhiteElo "1594"]
[BlackElo "1747"]
[PlyCount "100"]
[EventDate "1999.08.09"]

1.d4 d5 2.c4 e6 3.Nc3 c6 4.Nf3 Nf6 5.Bf4 Bd6 6.Bxd6 Qxd6 7.e3 O-O 8.c5 Qc7
9.Ne5 Nbd7 10.f4 Nxe5 11.fxe5 Ne8 12.Bd3 f5 13.O-O Qe7 14.Qf3 Nc7 15.g4 
Bd7 16.gxf5 exf5 17.Kh1 Kh8 18.Qg3 Rf7 19.Ne2 Raf8 20.Rg1 Bc8 21.Nf4 Ne6 
22.Qh3 Kg8 23.Qg3 Kh8 24.Raf1 Nxf4 25.exf4 g6 26.Qg5 Qc7 27.b4 a5 28.a3 b6
29.bxa5 bxc5 30.dxc5 Qxa5 31.Qh4 Rg8 32.Qf2 Qxa3 33.Qd4 Ba6 34.e6+ Rfg7 
35.Bxa6 Qxa6 36.Rb1 Qc4 37.Qf6 Qe4+ 38.Rg2 Qxb1+ 39.Rg1 Qe4+ 40.Rg2 Re8 
41.e7 Qxe7 42.Qxc6 Rb8 43.h3 Qe4 44.Qd6 Rc8 45.Kh2 Qe7 46.Qxd5 Qxc5 47.Qe6
Qc4 48.Qe5 Qc3 49.Qe6 Rd8 50.Qa2 Rgd7 0-1

[Event "III Open A"]
[Site "Genova ITA"]
[Date "1999.08.14"]
[Round "8"]
[White "Chiaretti, Roberto"]
[Black "Guido, Flavio"]
[Result "1-0"]
[WhiteElo "2185"]
[BlackElo "2367"]
[PlyCount "61"]
[EventDate "1999.08.09"]

1.d4 Nf6 2.Nf3 d5 3.c4 e6 4.e3 c5 5.Nc3 Nc6 6.a3 cxd4 7.exd4 Be7 8.Bd3 
dxc4 9.Bxc4 O-O 10.O-O a6 11.Ba2 b5 12.d5 exd5 13.Nxd5 Nxd5 14.Qxd5 Qxd5 
15.Bxd5 Bb7 16.Bg5 Bxg5 17.Nxg5 Rad8 18.Rfd1 Na5 19.Bxf7+ Kh8 20.Ne6 Rxd1+
21.Rxd1 Rc8 22.Rd8+ Rxd8 23.Nxd8 Be4 24.f3 Bd3 25.b4 Nc4 26.Bxc4 Bxc4 27.
Kf2 Kg8 28.Ke3 Kf8 29.Nc6 Bd5 30.Nb8 Bb7 31.Kd4 1-0

[Event "III Open A"]
[Site "Genova ITA"]
[Date "1999.08.14"]
[Round "8"]
[White "Dervishi, Erald"]
[Black "Wall, Gavin"]
[Result "1/2-1/2"]
[WhiteElo "2496"]
[BlackElo "2353"]
[PlyCount "92"]
[EventDate "1999.08.09"]

1.e4 e5 2.Nf3 d6 3.d4 exd4 4.Nxd4 Nf6 5.Nc3 Be7 6.Bc4 O-O 7.O-O a6 8.a4 
Nc6 9.Re1 Nb4 10.Nd5 Nbxd5 11.exd5 Ng4 12.h3 Ne5 13.Bb3 Bf6 14.Be3 Re8 15.
Qd2 Re7 16.c4 Bd7 17.Bc2 Qf8 18.b3 Rae8 19.Rad1 Bc8 20.Re2 g6 21.Rde1 Qg7 
22.Kf1 Bh4 23.Bg5 Bxg5 24.Qxg5 h6 25.Qd2 Kh7 26.Qf4 Kg8 27.a5 g5 28.Qd2 
Qf6 29.Re3 Qf4 30.Kg1 Kg7 31.Qc3 Qf6 32.Be4 Ng6 33.Bxg6 Rxe3 34.fxe3 Kxg6 
35.c5 Qe5 36.cxd6 cxd6 37.e4 Bd7 38.Qd3 Kg7 39.Nf3 Qb2 40.Kh2 f5 41.Nd4 f4
42.Rb1 Qf2 43.Rc1 Rc8 44.Rxc8 Bxc8 45.Qc3 Kg6 46.Qxc8 Qg3+ 1/2-1/2

[Event "III Open A"]
[Site "Genova ITA"]
[Date "1999.08.14"]
[Round "8"]
[White "Drei, Andrea"]
[Black "Bancod, Ronald"]
[Result "1/2-1/2"]
[WhiteElo "2349"]
[BlackElo "2388"]
[PlyCount "81"]
[EventDate "1999.08.09"]

1.e4 c5 2.Nf3 d6 3.d4 cxd4 4.Nxd4 Nf6 5.Nc3 g6 6.Be3 Bg7 7.f3 O-O 8.Qd2 
Nc6 9.O-O-O d5 10.Qe1 e6 11.h4 Qc7 12.exd5 Nxd5 13.Nxd5 exd5 14.Qd2 h5 15.
Bb5 Bd7 16.Bxc6 bxc6 17.Bh6 Bf6 18.g4 Rfb8 19.gxh5 Qb6 20.Nb3 a5 21.Qf4 
Bf5 22.hxg6 fxg6 23.Qd6 Kf7 24.Bg5 Bg7 25.Rde1 Re8 26.h5 gxh5 27.Qf4 Rxe1+
28.Rxe1 Kg6 29.Qg3 Kh7 30.Re7 Rg8 31.Bf6 Bg6 32.Bd4 Qb5 33.Rxg7+ Rxg7 34.
Bxg7 Qe2 35.Nd4 Qf1+ 36.Kd2 Kxg7 37.Qe5+ Kh6 38.Qf4+ Kh7 39.Qc7+ Kh6 40.
Qf4+ Kh7 41.Qc7+ 1/2-1/2

[Event "III Open A"]
[Site "Genova ITA"]
[Date "1999.08.14"]
[Round "8"]
[White "Farina, Saverio"]
[Black "Bogza, Adina-Maria"]
[Result "0-1"]
[WhiteElo "2142"]
[BlackElo "2210"]
[PlyCount "96"]
[EventDate "1999.08.09"]

1.d4 g6 2.c4 Bg7 3.Nc3 c5 4.e3 Nf6 5.Nf3 O-O 6.Be2 cxd4 7.exd4 d5 8.O-O 
Nc6 9.Be3 dxc4 10.Bxc4 Ng4 11.Qe2 Na5 12.Bd3 b6 13.Rad1 Bb7 14.Ne5 Nf6 15.
Rfe1 Nd5 16.Bc1 Rc8 17.Ne4 Nb4 18.Bb1 Qd5 19.a3 Nbc6 20.Nc3 Nxd4 21.Nxd5 
Nxe2+ 22.Rxe2 Bxd5 23.b4 Nb3 24.Bf4 Rfd8 25.Ba2 Be6 26.Ree1 Rxd1 27.Rxd1 
Nd4 28.Bxe6 Nxe6 29.Bg3 f5 30.f4 Bxe5 31.fxe5 Kf7 32.h3 Rd8 33.Rxd8 Nxd8 
34.Kf2 Ke6 35.b5 Nf7 36.Ke3 g5 37.Kd4 f4 38.Be1 Nxe5 39.a4 h5 40.Ke4 Nc4 
41.h4 Ne3 42.hxg5 Nxg2 43.Bf2 h4 44.Kf3 h3 45.Bg1 Kf5 46.g6 Nh4+ 47.Kf2 
Nxg6 48.Kf1 Nh4 0-1

[Event "III Open A"]
[Site "Genova ITA"]
[Date "1999.08.14"]
[Round "8"]
[White "Grigore, George-Gabriel"]
[Black "Ardelean, George Catalin"]
[Result "1-0"]
[WhiteElo "2526"]
[BlackElo "2374"]
[PlyCount "69"]
[EventDate "1999.08.09"]

1.d4 d5 2.c4 e6 3.Nc3 c6 4.e4 dxe4 5.Nxe4 Bb4+ 6.Bd2 Qxd4 7.Bxb4 Qxe4+ 8.
Ne2 Na6 9.Bf8 Ne7 10.Bxg7 Nb4 11.Bxh8 e5 12.Qd6 Nc2+ 13.Kd2 Nxa1 14.Qxe5 
Qc2+ 15.Ke3 Be6 16.Ng3 O-O-O 17.Qc3 Qd1 18.Be2 Nc2+ 19.Kf3 Qd7 20.Qxc2 Ng6
21.Bf6 Re8 22.h3 Qd6 23.Nh5 Qc5 24.Kg3 Bf5 25.Qd2 Kb8 26.b4 Qb6 27.c5 Qc7+
28.f4 Nf8 29.Bf3 Qc8 30.Be5+ Ka8 31.Rd1 Nd7 32.Nf6 Rxe5 33.fxe5 Qc7 34.Qd6
Qd8 35.Kh2 1-0

[Event "III Open A"]
[Site "Genova ITA"]
[Date "1999.08.14"]
[Round "8"]
[White "Mateuta, Gabriel"]
[Black "Vujovic, Milorad"]
[Result "1-0"]
[WhiteElo "2398"]
[BlackElo "2258"]
[PlyCount "109"]
[EventDate "1999.08.09"]

1.Nf3 g6 2.d4 Bg7 3.g3 d6 4.Bg2 Nf6 5.O-O O-O 6.Re1 Nc6 7.d5 Nb4 8.e4 e6 
9.c4 exd5 10.cxd5 Re8 11.Nc3 Na6 12.Nd4 Nc5 13.b4 Ncd7 14.h3 a5 15.b5 Nc5 
16.Ba3 Nfd7 17.Na4 Nxa4 18.Qxa4 Nc5 19.Qc4 Qf6 20.Rad1 b6 21.f4 Bd7 22.Bb2
Qd8 23.e5 dxe5 24.Nc6 Bxc6 25.dxc6 Qc8 26.fxe5 Re7 27.Rd7 Qe8 28.Ba3 Bxe5 
29.Bb2 Nxd7 30.cxd7 Qxd7 31.Rxe5 Rae8 32.Rd5 Qe6 33.Kh2 f6 34.Qc3 Kg7 35.
h4 h5 36.a4 Rf7 37.Rd3 Qa2 38.Rd2 Qxa4 39.Rf2 Qb4 40.Qc6 Ref8 41.Bd5 Qe1 
42.Kg2 Qe7 43.Be6 Qd8 44.Ba3 Re7 45.Bc4 Kh6 46.Bxe7 Qxe7 47.Re2 Qd8 48.Qe4
Qd6 49.Qe3+ Kg7 50.Rd2 Re8 51.Qxe8 Qxd2+ 52.Kh3 g5 53.Qf7+ Kh6 54.Qxf6+ 
Kh7 55.hxg5 1-0

[Event "III Open A"]
[Site "Genova ITA"]
[Date "1999.08.14"]
[Round "8"]
[White "Neiman, Emmanuel"]
[Black "Sciacca, Massimo"]
[Result "1-0"]
[WhiteElo "2353"]
[BlackElo "2182"]
[PlyCount "43"]
[EventDate "1999.08.09"]

1.d4 Nf6 2.c4 c5 3.d5 Ne4 4.Qc2 Qa5+ 5.Nc3 Nxc3 6.Bd2 e5 7.Bxc3 Qc7 8.e4 
d6 9.g3 Be7 10.O-O-O Bg5+ 11.Kb1 Nd7 12.f4 Bf6 13.Nf3 b6 14.h4 exf4 15.
gxf4 Bxc3 16.Qxc3 Nf6 17.e5 dxe5 18.fxe5 Bf5+ 19.Bd3 Bxd3+ 20.Qxd3 Ng4 21.
d6 Qd7 22.e6 1-0

[Event "III Open A"]
[Site "Genova ITA"]
[Date "1999.08.14"]
[Round "8"]
[White "Orsenigo, Davide"]
[Black "Robbiano, Andrea"]
[Result "1-0"]
[WhiteElo "1500"]
[BlackElo "1395"]
[PlyCount "33"]
[EventDate "1999.08.09"]

1.e4 c5 2.Nf3 Nc6 3.d4 cxd4 4.Nxd4 e5 5.Nb3 Nf6 6.Nc3 a6 7.Bd3 d5 8.exd5 
Nxd5 9.Nxd5 Qxd5 10.O-O Nd4 11.Re1 Be7 12.Be4 Qd8 13.Nxd4 exd4 14.Qf3 Rb8 
15.Bf4 Bd6 16.Bc6+ Kf8 17.Bxd6+ 1-0

[Event "III Open A"]
[Site "Genova ITA"]
[Date "1999.08.15"]
[Round "9"]
[White "Ardelean, George Catalin"]
[Black "Drei, Andrea"]
[Result "1/2-1/2"]
[WhiteElo "2374"]
[BlackElo "2349"]
[PlyCount "113"]
[EventDate "1999.08.09"]

1.e4 c5 2.Nf3 e6 3.Nc3 Nc6 4.d4 cxd4 5.Nxd4 Qc7 6.Be2 a6 7.O-O Nf6 8.Kh1 
Be7 9.f4 d6 10.Be3 O-O 11.Qe1 Bd7 12.Rd1 b5 13.a3 Rac8 14.Qg3 Kh8 15.Nxc6 
Bxc6 16.Bd4 Qb7 17.e5 dxe5 18.Bxe5 Ne8 19.Bd3 Bf6 20.Rde1 g6 21.Ne4 Bxe5 
22.fxe5 Bxe4 23.Rxe4 Qe7 24.Qe3 Ng7 25.g4 f5 26.exf6 Rxf6 27.Ref4 Rcf8 28.
Kg2 Rxf4 29.Rxf4 Rxf4 30.Qxf4 e5 31.Qe4 Ne8 32.Qa8 Qe6 33.b3 Kg7 34.Qb7+ 
Kh6 35.Qf3 Kg7 36.Qb7+ Kh6 37.a4 bxa4 38.Bxa6 e4 39.Be2 Qe5 40.h4 g5 41.h5
Nd6 42.Qa8 Qf6 43.c3 e3 44.Qf3 Qe7 45.Bd3 Nf7 46.Qc6+ Nd6 47.Qf3 Nf7 48.
Kf1 Ne5 49.Qf5 Nxd3 50.Qxd3 Qf6+ 51.Qf5 Qd6 52.c4 Qd1+ 53.Kg2 Qd2+ 54.Kg3 
Qe1+ 55.Kg2 Qd2+ 56.Kg3 Qe1+ 57.Kg2 1/2-1/2

[Event "III Open A"]
[Site "Genova ITA"]
[Date "1999.08.15"]
[Round "9"]
[White "Bogza, Adina-Maria"]
[Black "Dervishi, Erald"]
[Result "0-1"]
[WhiteElo "2210"]
[BlackElo "2496"]
[PlyCount "66"]
[EventDate "1999.08.09"]

1.d4 Nf6 2.Nf3 e6 3.Bg5 d5 4.e3 Be7 5.Nbd2 b6 6.c3 O-O 7.Bd3 Bb7 8.O-O 
Nbd7 9.Qe2 Ne4 10.Bxe7 Qxe7 11.Ne5 Nxe5 12.dxe5 Nc5 13.f4 Nxd3 14.Qxd3 c5 
15.Rf3 f5 16.exf6 Qxf6 17.e4 Rad8 18.e5 Qf5 19.Qxf5 Rxf5 20.g4 Rff8 21.f5 
d4 22.Rf2 dxc3 23.bxc3 Rd3 24.Nf1 Rxc3 25.fxe6 Rxf2 26.Kxf2 Bc8 27.e7 Kf7 
28.Ne3 Rd3 29.Nf5 Bxf5 30.gxf5 Kxe7 31.Rg1 Kf8 32.e6 Rd5 33.e7+ Ke8 0-1

[Event "III Open A"]
[Site "Genova ITA"]
[Date "1999.08.15"]
[Round "9"]
[White "Corti, Corrado"]
[Black "Farina, Saverio"]
[Result "0-1"]
[WhiteElo "1747"]
[BlackElo "2142"]
[PlyCount "80"]
[EventDate "1999.08.09"]

1.e4 e6 2.d4 d5 3.e5 c5 4.c3 Qb6 5.Nf3 Nc6 6.Be2 cxd4 7.cxd4 Nh6 8.Nc3 Nf5
9.O-O Nfxd4 10.Nxd4 Qxd4 11.Qxd4 Nxd4 12.Bd3 Bb4 13.f4 Bd7 14.Be3 Bc5 15.
Bf2 Bb6 16.Rfd1 Nc6 17.Bxb6 axb6 18.Nb5 O-O 19.Nd6 Rfb8 20.Bb5 Ra5 21.a4 
Kf8 22.Rac1 Ke7 23.b3 Ra7 24.Rc3 f6 25.Nxb7 Nxe5 26.fxe5 Bxb5 27.axb5 
Rbxb7 28.exf6+ gxf6 29.Rc6 Rd7 30.Rd3 Rd6 31.Rc8 Rd8 32.Rc6 Rd6 33.Rc8 e5 
34.Rh3 Ke6 35.Re8+ Kf5 36.Rh8 d4 37.Kf2 d3 38.Rf3+ Ke6 39.Rf8 Ke7 40.Rh8 
Ra2+ 0-1

[Event "III Open A"]
[Site "Genova ITA"]
[Date "1999.08.15"]
[Round "9"]
[White "Godena, Michele"]
[Black "Grigore, George-Gabriel"]
[Result "0-1"]
[WhiteElo "2490"]
[BlackElo "2526"]
[PlyCount "79"]
[EventDate "1999.08.09"]

1.e4 c5 2.Nf3 Nc6 3.Bb5 g6 4.Bxc6 dxc6 5.d3 Bg7 6.O-O Nf6 7.Bd2 O-O 8.h3 
c4 9.e5 Nd7 10.e6 Ne5 11.Nxe5 Bxe5 12.exf7+ Rxf7 13.Bc3 Bxc3 14.Nxc3 cxd3 
15.cxd3 Qd4 16.Qb3 Qxd3 17.Rad1 Qf5 18.Rd8+ Kg7 19.Qa3 b6 20.Nd1 Qf6 21.
Ne3 Rf8 22.Rxf8 Kxf8 23.Rd1 Be6 24.b4 Kg8 25.Qa6 Rf8 26.Rd2 Qc3 27.Rd1 Qb2
28.Rf1 Qxa2 29.Qxa2 Bxa2 30.Ra1 Be6 31.Rxa7 Kf7 32.Rb7 b5 33.f4 Rd8 34.Rc7
Rd4 35.Rxc6 Rxf4 36.Nc2 Bb3 37.Na3 Rxb4 38.Rb6 Ba4 39.Kf2 Rb2+ 40.Kg3 0-1

[Event "III Open A"]
[Site "Genova ITA"]
[Date "1999.08.15"]
[Round "9"]
[White "Jovanic, Ognjen"]
[Black "Neiman, Emmanuel"]
[Result "1/2-1/2"]
[WhiteElo "2333"]
[BlackElo "2353"]
[PlyCount "114"]
[EventDate "1999.08.09"]

1.d4 Nf6 2.c4 e6 3.g3 d5 4.Nf3 Be7 5.Bg2 O-O 6.O-O dxc4 7.Qc2 a6 8.Qxc4 b5
9.Qc2 Bb7 10.Bf4 Nc6 11.Rd1 Nb4 12.Qc1 Rc8 13.Nc3 Nbd5 14.Nxd5 Bxd5 15.Be3
Ng4 16.Ne1 Bxg2 17.Kxg2 Qd5+ 18.Nf3 Nxe3+ 19.Qxe3 Rfd8 20.Rd3 c5 21.dxc5 
Qxc5 22.Qxc5 Rxc5 23.Rxd8+ Bxd8 24.Ne1 Kf8 25.Kf3 Rf5+ 26.Kg2 Rd5 27.Nd3 
e5 28.f3 Bg5 29.a4 Be3 30.axb5 axb5 31.Ra3 Rd8 32.Rb3 f6 33.Rxb5 Ra8 34.
Rb3 Bd4 35.Ra3 Rc8 36.b4 Ke7 37.b5 Rb8 38.Rb3 Kd6 39.e4 Rc8 40.f4 Rc2+ 41.
Kf3 Kc7 42.h4 h5 43.g4 hxg4+ 44.Kxg4 Rg2+ 45.Kf5 exf4 46.Nxf4 Rf2 47.Kg4 
Kb6 48.Nd5+ Kb7 49.Rb4 Be5 50.Ra4 g6 51.Ra6 Rg2+ 52.Kf3 Rg3+ 53.Ke2 Rg4 
54.Kd3 f5 55.Rb6+ Ka7 56.Ra6+ Kb7 57.Rb6+ Ka7 1/2-1/2

[Event "III Open A"]
[Site "Genova ITA"]
[Date "1999.08.15"]
[Round "9"]
[White "Mateuta, Gabriel"]
[Black "Cebalo, Miso"]
[Result "0-1"]
[WhiteElo "2398"]
[BlackElo "2453"]
[PlyCount "84"]
[EventDate "1999.08.09"]

1.d4 Nf6 2.Nc3 e6 3.e4 d5 4.Bg5 Bb4 5.e5 h6 6.Bd2 Bxc3 7.bxc3 Ne4 8.Qg4 g6
9.Bd3 Nxd2 10.Kxd2 c5 11.h4 Bd7 12.Rh3 Qe7 13.Rb1 Bc6 14.Bb5 a6 15.Be2 Nd7
16.h5 g5 17.f4 f5 18.Qg3 g4 19.Rh1 Qd8 20.Qh4 Qa5 21.Bxg4 cxd4 22.Bxf5 
exf5 23.Ne2 dxc3+ 24.Ke3 d4+ 25.Nxd4 Qd5 26.Nxc6 Qxc6 27.Rb4 Rg8 28.e6 
Qxe6+ 29.Kf2 Rg4 30.Qxg4 fxg4 31.Re1 g3+ 32.Kf1 Kf7 33.Rxe6 Kxe6 34.Rxb7 
Rf8 35.Rb4 Kf5 36.Ke2 Kg4 37.f5+ Kxh5 38.Kf3 Rxf5+ 39.Kxg3 Kg5 40.Rd4 Nf6 
41.Ra4 a5 42.Rc4 h5 0-1

[Event "III Open A"]
[Site "Genova ITA"]
[Date "1999.08.15"]
[Round "9"]
[White "Roversi, Stefano"]
[Black "Orsenigo, Davide"]
[Result "1/2-1/2"]
[WhiteElo "1540"]
[BlackElo "1500"]
[PlyCount "168"]
[EventDate "1999.08.09"]

1.e4 c6 2.d4 d5 3.Nc3 dxe4 4.Nxe4 Bf5 5.Ng3 Bg6 6.h4 h6 7.Bc4 Qb6 8.Qe2 e6
9.Nf3 Nd7 10.O-O Ngf6 11.Ne5 Nxe5 12.dxe5 Nd7 13.Bf4 Qd4 14.h5 Bh7 15.Bd2 
Qxe5 16.Qf3 Bc5 17.Bc3 Bd4 18.Rfe1 Qf6 19.Bxd4 Qxd4 20.Bxe6 O-O-O 21.Rad1 
Qf6 22.Bf5 Bxf5 23.Qxf5 Kc7 24.Qxf6 Nxf6 25.Re7+ Kb6 26.Rde1 Rd2 27.Rxf7 
Re8 28.Rxe8 Nxe8 29.Re7 Nf6 30.Rxg7 Rxc2 31.Rg6 Ne8 32.Rxh6 Rxb2 33.Re6 
Rxa2 34.Rxe8 Rd2 35.h6 Rd7 36.Nf5 Rh7 37.Re7 Rh8 38.h7 a5 39.Nd6 a4 40.
Rxb7+ Ka6 41.Re7 a3 42.Re3 Rxh7 43.Rxa3+ Kb6 44.f4 Rd7 45.Nc4+ Kb5 46.Ne5 
Rd4 47.Rf3 Re4 48.g4 c5 49.g5 c4 50.Nxc4 Kxc4 51.g6 Kd5 52.g7 Re8 53.f5 
Rg8 54.f6 Ke6 55.Kf2 Kf7 56.Kg3 Rd8 57.Kg4 Rd4+ 58.Kg5 Rd5+ 59.Rf5 Rd1 60.
Kh6 Rh1+ 61.Rh5 Rg1 62.Rf5 Rh1+ 63.Kg5 Rg1+ 64.Kf4 Rf1+ 65.Ke5 Re1+ 66.Kd6
Rd1+ 67.Rd5 Rg1 68.Rf5 Rd1+ 69.Ke5 Re1+ 70.Kd4 Rd1+ 71.Ke3 Rg1 72.Kf2 Rg6 
73.Ke3 Rg1 74.Rf2 Rg3+ 75.Rf3 Rg5 76.Rf4 Rg3+ 77.Ke4 Rg1 78.Kf5 Rg6 79.Ke5
Rg1 80.Ra4 Re1+ 81.Kd6 Re6+ 82.Kd5 Rxf6 83.Ra7+ Kg8 84.Ke5 Rf7 1/2-1/2

[Event "III Open A"]
[Site "Genova ITA"]
[Date "1999.08.15"]
[Round "9"]
[White "Vujovic, Milorad"]
[Black "Laubsch, Bernd"]
[Result "1-0"]
[WhiteElo "2258"]
[BlackElo "2184"]
[PlyCount "79"]
[EventDate "1999.08.09"]

1.e4 c5 2.Nf3 e6 3.Nc3 d6 4.g3 Nc6 5.Bg2 Nf6 6.O-O Be7 7.d4 cxd4 8.Nxd4 
Bd7 9.Ndb5 Qb8 10.Bg5 a6 11.Bxf6 gxf6 12.Na3 b5 13.Ne2 Qb6 14.c4 Ne5 15.
cxb5 axb5 16.Nc2 O-O 17.Kh1 b4 18.Ned4 Nc4 19.b3 Ne5 20.Qd2 Rfb8 21.f4 Nc6
22.Nf3 Ra7 23.Ne3 Rba8 24.Nc4 Qb8 25.Qf2 Ra6 26.Rfd1 Na5 27.Nfd2 Bc6 28.
Nxa5 Rxa5 29.Nc4 R5a6 30.Rd2 Qb7 31.Qe2 Bb5 32.e5 d5 33.f5 Qc8 34.Qg4+ Kh8
35.Nd6 Bxd6 36.exd6 Qc3 37.Rdd1 Rxa2 38.Rxa2 Rxa2 39.fxe6 Be2 40.exf7 1-0

[Event "III Open A"]
[Site "Genova ITA"]
[Date "1999.08.15"]
[Round "9"]
[White "Wall, Gavin"]
[Black "Barlocco, Carlo"]
[Result "1-0"]
[WhiteElo "2353"]
[BlackElo "2161"]
[PlyCount "127"]
[EventDate "1999.08.09"]

1.e4 c5 2.Nf3 Nc6 3.Bb5 g6 4.O-O Bg7 5.Re1 e6 6.Bxc6 bxc6 7.d3 d5 8.Nc3 
Ne7 9.Na4 c4 10.dxc4 O-O 11.cxd5 cxd5 12.e5 Nc6 13.b3 Qc7 14.Bb2 a5 15.Qd2
Rd8 16.Rad1 Bd7 17.a3 Rac8 18.Bc3 Be8 19.h4 d4 20.Nxd4 Bxe5 21.Qe3 Bxd4 
22.Bxd4 Nxd4 23.Rxd4 Rxd4 24.Qxd4 Bxa4 25.Qxa4 Qxc2 26.Qxa5 Qxb3 27.h5 Qc3
28.Qxc3 Rxc3 29.hxg6 hxg6 30.Ra1 Kf8 31.a4 Ke7 32.a5 Kd6 33.a6 Rc8 34.Kf1 
Ra8 35.Ke2 Kc6 36.Kd3 Kb6 37.a7 Kc5 38.Rc1+ Kd6 39.Ra1 e5 40.Ra6+ Kd5 41.
Ra5+ Kd6 42.Kc4 Kc6 43.Ra6+ Kb7 44.Rf6 Kxa7 45.Rxf7+ Kb6 46.Rf6+ Kc7 47.
Rxg6 Kd7 48.Kd5 Ra5+ 49.Ke4 Ke7 50.Kf5 Kf7 51.Rg3 Ke7 52.Re3 Ra2 53.Rf3 
Re2 54.Kg6 e4 55.Rf7+ Ke6 56.g4 Re1 57.g5 Rg1 58.Rf8 Ke5 59.Kh6 Rh1+ 60.
Kg7 Rh2 61.g6 Kd4 62.Kg8 Kd3 63.g7 Rh3 64.Kf7 1-0

[Event "III Open A"]
[Site "Genova ITA"]
[Date "1999.08.15"]
[Round "10"]
[White "Bemporad, Filippo"]
[Black "Bogza, Adina-Maria"]
[Result "0-1"]
[WhiteElo "2059"]
[BlackElo "2210"]
[PlyCount "78"]
[EventDate "1999.08.09"]

1.d4 g6 2.Nf3 Bg7 3.c4 c5 4.Nc3 cxd4 5.Nxd4 Nc6 6.Nxc6 bxc6 7.Qd3 Nf6 8.e4
Ng4 9.Be2 Ne5 10.Qc2 c5 11.O-O d6 12.Be3 O-O 13.Qd2 Be6 14.b3 Qa5 15.Nd5 
Qd8 16.Bh6 Nc6 17.Bxg7 Kxg7 18.Nc3 Bd7 19.Bd3 Nd4 20.f4 e6 21.Rae1 f6 22.
Rb1 Rb8 23.Qe3 Bc6 24.g4 f5 25.gxf5 exf5 26.exf5 Qh4 27.Qg3 Qxg3+ 28.hxg3 
Nf3+ 29.Rxf3 Bxf3 30.Kf2 Bc6 31.g4 Rbe8 32.Rd1 gxf5 33.Bxf5 Rf6 34.Rd3 h5 
35.Nd5 Bxd5 36.Rxd5 Ref8 37.Kg3 a5 38.Kh4 hxg4 39.Kxg4 Kh6 0-1

[Event "III Open A"]
[Site "Genova ITA"]
[Date "1999.08.15"]
[Round "10"]
[White "Cebalo, Miso"]
[Black "Bancod, Ronald"]
[Result "1-0"]
[WhiteElo "2453"]
[BlackElo "2388"]
[PlyCount "163"]
[EventDate "1999.08.09"]

1.d4 Nf6 2.c4 c5 3.d5 b5 4.cxb5 a6 5.bxa6 g6 6.Nc3 Bxa6 7.g3 d6 8.Bg2 Bg7 
9.Nf3 Nbd7 10.Rb1 O-O 11.O-O Nb6 12.b3 Ra7 13.Bb2 Qa8 14.Nh4 Rb8 15.Ba1 
Rab7 16.Qc2 Nc8 17.Rfd1 Na7 18.e4 Nd7 19.Nf3 Rb4 20.a3 R4b7 21.h3 Nc8 22.
a4 Rb6 23.Bf1 Bxf1 24.Rxf1 Na7 25.Nd2 Qb7 26.Na2 Bxa1 27.Rxa1 Qa6 28.Rfe1 
Nc8 29.Re3 R6b7 30.Kg2 Ncb6 31.Nc3 Nf6 32.Rd1 Nbd7 33.Nb5 Ne8 34.Nc4 Nc7 
35.Nba3 Rb4 36.Rdd3 Qa8 37.Qd1 Nb6 38.Nxb6 R8xb6 39.Nc4 Rb8 40.Kh2 f6 41.
Qg4 Rd8 42.f4 Kg7 43.h4 Qc8 44.Qxc8 Rxc8 45.e5 Re8 46.Kg2 Kf8 47.Kf2 Rd8 
48.exf6 exf6 49.g4 Rbb8 50.g5 f5 51.h5 Ra8 52.Rd1 gxh5 53.Rh3 Rab8 54.Rdd3
Re8 55.Rxh5 Re4 56.Nxd6 Rxf4+ 57.Ke3 Rg4 58.Nxf5 Nxd5+ 59.Rxd5 Rxb3+ 60.
Kf2 Rxa4 61.Rxh7 Ra2+ 62.Ke1 Rb1+ 63.Rd1 Rxd1+ 64.Kxd1 Rg2 65.Rh5 Kf7 66.
Nh4 Rg4 67.Nf3 Kg6 68.Rh6+ Kf5 69.Ke2 Re4+ 70.Kf2 Rg4 71.Rc6 c4 72.Rc5+ 
Ke6 73.Ke3 Kd6 74.Rc8 Kd5 75.Rd8+ Kc5 76.Rd4 Rg2 77.Kf4 c3 78.Rd8 Kc4 79.
Rc8+ Kb3 80.Rc6 Kb2 81.Nd4 Rd2 82.Rc4 1-0

[Event "III Open A"]
[Site "Genova ITA"]
[Date "1999.08.15"]
[Round "10"]
[White "Chiaretti, Roberto"]
[Black "Ardelean, George Catalin"]
[Result "0-1"]
[WhiteElo "2185"]
[BlackElo "2374"]
[PlyCount "50"]
[EventDate "1999.08.09"]

1.e4 c5 2.c3 d5 3.exd5 Qxd5 4.d4 e6 5.Nf3 Nf6 6.Bd3 Nc6 7.O-O Be7 8.c4 Qd8
9.dxc5 O-O 10.Nc3 Bxc5 11.a3 b6 12.b4 Be7 13.Bb2 a5 14.b5 Nb8 15.Ng5 Bb7 
16.Qe2 h6 17.Nge4 Nbd7 18.Rad1 Qc7 19.Rd2 Rac8 20.Rfd1 Rfd8 21.Qe3 Ne5 22.
c5 Nxd3 23.Rxd3 Rxd3 24.Rxd3 bxc5 25.Nd2 c4 0-1

[Event "III Open A"]
[Site "Genova ITA"]
[Date "1999.08.15"]
[Round "10"]
[White "Dervishi, Erald"]
[Black "Mateuta, Gabriel"]
[Result "1-0"]
[WhiteElo "2496"]
[BlackElo "2398"]
[PlyCount "101"]
[EventDate "1999.08.09"]

1.e4 c6 2.d4 d5 3.Nc3 dxe4 4.Nxe4 Bf5 5.Ng3 Bg6 6.h4 h6 7.Nf3 Nf6 8.h5 Bh7
9.Bd3 Bxd3 10.Qxd3 e6 11.Bf4 Bd6 12.Bxd6 Qxd6 13.O-O-O Nbd7 14.Kb1 O-O 15.
Ne4 Nxe4 16.Qxe4 a5 17.Ne5 Nxe5 18.dxe5 Qc5 19.Rd2 Rfd8 20.Rhd1 Rd5 21.c4 
Rxd2 22.Rxd2 a4 23.a3 b5 24.cxb5 Qxb5 25.f4 Rb8 26.Rc2 Qb3 27.Qxc6 Rd8 28.
Qc3 Kh7 29.Rc1 g5 30.fxg5 hxg5 31.Qc7 Qd3+ 32.Ka1 Rd7 33.Qc6 Rd4 34.Qc5 
Rf4 35.Re1 g4 36.Qe7 Rf2 37.Rg1 Qd4 38.Qb4 Qxe5 39.g3 Qe2 40.Rh1 Rf1+ 41.
Rxf1 Qxf1+ 42.Ka2 Qf3 43.Qxa4 Qxg3 44.Qe4+ Kh6 45.a4 Qf3 46.Qd4 f6 47.a5 
g3 48.a6 g2 49.a7 e5 50.Qd8 Kxh5 51.a8=Q 1-0

[Event "III Open A"]
[Site "Genova ITA"]
[Date "1999.08.15"]
[Round "10"]
[White "Diena, Giovanni"]
[Black "Corti, Corrado"]
[Result "0-1"]
[WhiteElo "1699"]
[BlackElo "1747"]
[PlyCount "90"]
[EventDate "1999.08.09"]

1.e4 c6 2.d4 d5 3.Nc3 dxe4 4.Nxe4 Bf5 5.Ng3 Bg6 6.Nf3 e6 7.h4 h6 8.h5 Bh7 
9.Bd3 Bxd3 10.Qxd3 Nf6 11.Bd2 Nbd7 12.O-O-O Bd6 13.Qe2 O-O 14.Ne5 Qc7 15.
f4 Rfe8 16.Qf3 a5 17.a3 b5 18.Nxd7 Qxd7 19.Ne4 Nd5 20.g4 f5 21.Nxd6 fxg4 
22.Qxg4 Qxd6 23.Rhg1 Re7 24.Rde1 Rf8 25.Re5 Nxf4 26.Bxf4 Qxd4 27.Bh2 Rf1+ 
28.Rxf1 Qxg4 29.Rfe1 Rd7 30.R5e2 Qg5+ 31.Kb1 Rd2 32.Bc7 Rxe2 33.Rxe2 Qxh5 
34.Rd2 b4 35.Bd6 bxa3 36.Bxa3 Qg4 37.b3 h5 38.Rd6 h4 39.Rxc6 h3 40.Bd6 
Qg1+ 41.Kb2 Qd4+ 42.Ka2 e5 43.Bc5 Qd7 44.Rd6 Qc7 45.Rd5 h2 0-1

[Event "III Open A"]
[Site "Genova ITA"]
[Date "1999.08.15"]
[Round "10"]
[White "Drei, Andrea"]
[Black "Jovanic, Ognjen"]
[Result "1/2-1/2"]
[WhiteElo "2349"]
[BlackElo "2333"]
[PlyCount "51"]
[EventDate "1999.08.09"]

1.e4 c6 2.d4 d5 3.Nc3 dxe4 4.Nxe4 Nd7 5.Nf3 Ngf6 6.Ng3 e6 7.Bd3 Be7 8.O-O 
O-O 9.Qe2 b6 10.b3 Bb7 11.c4 c5 12.Bb2 Re8 13.Rad1 Qc7 14.Ne5 Nf8 15.Nh5 
Ng6 16.Rfe1 cxd4 17.Bxd4 Rad8 18.Bb2 Nxh5 19.Qxh5 Bf6 20.Bxg6 hxg6 21.Qe2 
Bxe5 22.Qxe5 Qxe5 23.Bxe5 f6 24.Bc3 Kf7 25.f3 e5 26.Kf2 1/2-1/2

[Event "III Open A"]
[Site "Genova ITA"]
[Date "1999.08.15"]
[Round "10"]
[White "Farina, Saverio"]
[Black "Guido, Flavio"]
[Result "0-1"]
[WhiteElo "2142"]
[BlackElo "2367"]
[PlyCount "92"]
[EventDate "1999.08.09"]

1.d4 d5 2.c4 e6 3.Nc3 Bb4 4.a3 Bxc3+ 5.bxc3 Nf6 6.e3 O-O 7.Nf3 c5 8.Bd3 
dxc4 9.Bxc4 Qc7 10.Qd3 Nc6 11.O-O e5 12.Ng5 Na5 13.Ba2 c4 14.Qc2 h6 15.Ne4
Nd5 16.Ng3 f5 17.e4 fxe4 18.Qxe4 Nxc3 19.Qxe5 Qxe5 20.dxe5 Rd8 21.f4 h5 
22.f5 h4 23.Bg5 Rd5 24.Bxh4 Rxe5 25.Bg5 Rd5 26.Be7 Nxa2 27.Rxa2 Nc6 28.Bb4
Nxb4 29.axb4 Bd7 30.f6 gxf6 31.Ne4 Kg7 32.Nxf6 Rd6 33.Nxd7 Rxd7 34.Ra5 Rc8
35.g4 c3 36.h4 c2 37.Rg5+ Kh8 38.Rh5+ Kg8 39.Rg5+ Rg7 40.Rxg7+ Kxg7 41.Rc1
b5 42.Kf2 a5 43.Ke3 axb4 44.Kd3 b3 45.Kd2 b2 46.Rxc2 Rd8+ 0-1

[Event "III Open A"]
[Site "Genova ITA"]
[Date "1999.08.15"]
[Round "10"]
[White "Grigore, George-Gabriel"]
[Black "Wall, Gavin"]
[Result "1/2-1/2"]
[WhiteElo "2526"]
[BlackElo "2353"]
[PlyCount "60"]
[EventDate "1999.08.09"]

1.d4 f5 2.g3 Nf6 3.Bg2 g6 4.c4 Bg7 5.Nc3 O-O 6.Nh3 d6 7.d5 Nbd7 8.O-O Ne5 
9.b3 c6 10.Bb2 h6 11.Qd2 Rb8 12.Kh1 cxd5 13.Nxd5 Ne4 14.Qc2 b5 15.f3 Nc5 
16.cxb5 Rxb5 17.Bxe5 Bxe5 18.Qc4 Bxa1 19.Nxe7+ Kh7 20.Qxb5 Ba6 21.Qb4 Bg7 
22.Nc6 Qe8 23.Nd4 Bxe2 24.Nxe2 Qxe2 25.Qa5 Nd3 26.Qxa7 Rc8 27.f4 Rc2 28.
Qb7 Rxa2 29.Qf3 Qc2 30.g4 fxg4 1/2-1/2

[Event "III Open A"]
[Site "Genova ITA"]
[Date "1999.08.15"]
[Round "10"]
[White "Laubsch, Bernd"]
[Black "Bernard, Jacques"]
[Result "1-0"]
[WhiteElo "2184"]
[BlackElo "2176"]
[PlyCount "89"]
[EventDate "1999.08.09"]

1.e4 c5 2.Nf3 Nc6 3.d4 cxd4 4.Nxd4 Nf6 5.Nc3 e5 6.Ndb5 d6 7.Nd5 Nxd5 8.
exd5 Nb8 9.a4 Be7 10.c3 O-O 11.Be2 f5 12.f4 a6 13.Na3 Nd7 14.O-O exf4 15.
Rxf4 Ne5 16.Nc4 Bf6 17.a5 Nxc4 18.Rxc4 Be5 19.Be3 f4 20.Bd4 f3 21.Bxf3 Qh4
22.Bxe5 Qxc4 23.Bxd6 Re8 24.Qf1 Qxf1+ 25.Kxf1 Bf5 26.Bc7 Be4 27.d6 Bxf3 
28.gxf3 Re3 29.Rd1 Rxf3+ 30.Kg2 Rff8 31.d7 Rfd8 32.Kf3 Kf7 33.Ke4 Ke6 34.
Bxd8 Rxd8 35.b4 Rxd7 36.Rxd7 Kxd7 37.Kd5 Ke7 38.Kc5 Kd7 39.c4 Kc7 40.Kd5 
Kd7 41.b5 h6 42.Ke5 Ke7 43.Kf5 Kf7 44.c5 Ke7 45.c6 1-0